000 00741nam a2200205 a 4500
003 0
005 20250221140640.0
008 111115s19uu xx 00 eng d
050 _aPGS LB 1607.T45
_b.An531 2011
100 _aAn, Nam Gyeong.
245 _aProfile of academy teachers and students' academic achievement /
_cNam Gyeong An.
260 _aLas PiƱas City, Philippines :
_bSouthville International School and Colleges,
_c2011.
300 _a22 pages :
_billustrations ;
_c28 cm.
504 _aIncludes bibliographical references.
650 _aAcademic achievement
_vElementary.
650 _aTeachers
_vProfile.
650 _aKorean students
_vEducation.
650 _aInternational schools
_zPhilippines.
942 _2lcc
_cPASS
999 _c98647
_d98647